عرض عادي
عرض مارك
- Tomography Scanners, X-Ray Computed
مدخل مصطلح موضوعي
001 - رقم الضبط
- حقل الضبط: 64546
003 - معرف رقم الضبط
- حقل الضبط: OSt
005 - تاريخ ووقت أخر عملية
- حقل الضبط: 20180829180919.0
008 - عناصر بيانات ثابتة الطول
- حقل تحكم ثابت الطول: 180829|| aca||aabn | a|a d
040 ## - مصدر الفهرسة
- هيئة الفهرسة الأصلية: OSt
- وكالة الكتابة: OSt
150 ## - مدخل-- مصطلح تاريخي
- عنصر مدخل المصطلح الموضوعي او الاسم الجغرافي: Tomography Scanners, X-Ray Computed
- تفريع عام: trends.
670 ## - بيانات المصدر موجوده
- الاستشهاد بالمصدر: Work cat.: (OSt)0: Hsieh, Jiang. 64543, Computed tomography :, c2009.
